Regulowanie procesów gospodarczych na przykladzie Polski i RFN Materialy k konferencji naukowej zorganizowanej przez Instytut Ekonomii Politycznej AE (Lehrstuhl für Volkswirtschaftstheorie) Universytetu w Münster 24-27 Wrzesnia 1986

Enregistré dans:
Détails bibliographiques
Format: Livre
Langue:polonais
Publié: Wroclaw Akademia Ekon. im. Oskara Langego 1988
Édition:1. wyd.
Collection:Prace naukowe Nr.433
Tags: Ajouter un tag
Pas de tags, Soyez le premier à ajouter un tag!

MARC

LEADER 00000nam a2200000 4500
001 c028754
005 20260120102835.4
041 0 |a pol 
044 |a PL 
245 1 0 |a Regulowanie procesów gospodarczych na przykladzie Polski i RFN  |b Materialy k konferencji naukowej zorganizowanej przez Instytut Ekonomii Politycznej AE (Lehrstuhl für Volkswirtschaftstheorie) Universytetu w Münster 24-27 Wrzesnia 1986 
250 |a 1. wyd. 
264 1 |a Wroclaw  |b Akademia Ekon. im. Oskara Langego  |c 1988 
300 |a 150 s. 
490 1 |a Prace naukowe  |v Nr.433 
830 0 |a Prace naukowe  |v Nr.433